1673 1326 1709 1327 1551 1978 1982 1777 1966 1365 1926 1149 1233 1008 1621 1248 1361 1857 1501 1801 1220 1186 1914 1394 1534 1070 1880 1336 1678 1828 1314 1592 1651 1745 1633 1204 1324 1056 1353 1118 1208 1346 1409 1200 1026 1385 1104 1016 1425 1907 1307 1913 1501 1870 1418 1741 1176 1715 1770 1673 1944 1137 1034 1803 1915 1518 1821 1854 1398 1176 1712 1443 1004 1474 1072 1570 1204 1064 1862 1698 1577 1998 1645 1720 1575 1860 1813 1174 1460 1591 1795 1548 1869 1236 1480 1506 1149 1455 1355 BCNSPRNW ULIB Ver.6.0+V

เปลี่ยนเป็นภาษาไทย

Change to English
 แสดงรายละเอียดบรรณานุกรม
  กลับหน้าหลัก

Brief Record : Get Marc (ISO 2709) : E-mail record : QR code < ปิดหน้าต่าง
LEADER : 00000nam 2200000uu 4500
001    13399128322
003     ULIB
008    230607s||||||||th 000 0 tha d
020    ^a9786161112394
060  0 ^aWY159 พ239ก^cล.3
245    ^aการพยาบาลเด็ก เล่ม3 (ฉบับปรับปรุง)/บรรณาธิการโดย พรทิพย์ ศิริบูรณ์พิพัฒนา
250    ^aพิมพ์ครั้งที่ 5
260    ^aนนทบุรี :^bโครงการสวัสดิการวิชาการ สถาบันพระบรมราชชนก,^c2565
300    ^a448 หน้า;^b26 ซม.
650    ^aการพยาบาลเด็ก
700 0  ^aพรทิพย์ ศิริบูรณ์พิพัฒนา, บรรณาธิการ
700 0  ^aพิศมัย อุบลศรี
700 0  ^aยุพา ทิพย์อลงกต
700 0  ^aวิมลพรรณ สังข์สกุล
700 0  ^aวรรณฤดี เชาว์ศรีกุล
945    ^p270^l0^i29526
945    ^p270^l0^i29527
945    ^p270^l0^i29528
945    ^p270^l0^i29529
945    ^p270^l0^i29530
999    ^aกัณชพร จุลอักษร
รายการนี้ยังไม่มีแท็ก
คุณยังไม่ได้ล็อกอิน คุณสามารถมีกิจกรรมร่วมกับเว็บไซต์ได้ แต่ต้องล็อกอินก่อน ::
  ล็อกอิน

รายการสื่อสารสนเทศ

ลำดับที่ ประเภท เลขเรียก/บาร์โค้ด สถานที่ สถานะ
1. หนังสือสำรอง
หนังสือสำรอง
WY159 พ239ก ล.3 ฉ.1 
  Barcode: 29526
ห้องสมุดวิทยาเขตนครสวรรค์
►หนังสือทั่วไป:l:General Books
บนชั้น
2. วิทยาศาสตร์การแพทย์ และสุขภาพ
วิทยาศาสตร์การแพทย์ และสุขภาพ
WY159 พ239ก ล.3 ฉ.2 
  Barcode: 29527
ห้องสมุดวิทยาเขตนครสวรรค์
►หนังสือทั่วไป:l:General Books
ถูกยืม กำหนดส่งวันที่ 11 พฤษภาคม 2569
  จอง
3. วิทยาศาสตร์การแพทย์ และสุขภาพ
วิทยาศาสตร์การแพทย์ และสุขภาพ
WY159 พ239ก ล.3 ฉ.3 
  Barcode: 29528
ห้องสมุดวิทยาเขตนครสวรรค์
►หนังสือทั่วไป:l:General Books
ถูกยืม กำหนดส่งวันที่ 20 พฤษภาคม 2569
  จอง
4. วิทยาศาสตร์การแพทย์ และสุขภาพ
วิทยาศาสตร์การแพทย์ และสุขภาพ
WY159 พ239ก ล.3 ฉ.4 
  Barcode: 29529
ห้องสมุดวิทยาเขตนครสวรรค์
►หนังสือทั่วไป:l:General Books
บนชั้น
5. วิทยาศาสตร์การแพทย์ และสุขภาพ
วิทยาศาสตร์การแพทย์ และสุขภาพ
WY159 พ239ก ล.3 ฉ.5 
  Barcode: 29530
ห้องสมุดวิทยาเขตนครสวรรค์
►หนังสือทั่วไป:l:General Books
บนชั้น

รายการใกล้เคียง
    ชื่อเรื่อง [การพยาบาลเด็ก เล่ม3 (ฉบับปรับปรุง)/บรรณาธิการโดย พรทิพย์ ศิริบูรณ์พิพัฒนา]

    หัวเรื่อง [การพยาบาลเด็ก]

BibComment


ยังไม่เคยถูกคอมเมนท์

คอมเมนท์ทรัพยากรรายการนี้
  คอมเมนท์: การพยาบาลเด็ก เล..


 Copyright 2026. Bcnsprnw @Library